| 000 | 02135cam a22004934i 4500 | ||
|---|---|---|---|
| 003 | PE-LiUPU | ||
| 005 | 20250731175637.0 | ||
| 008 | 150706s2007 xxua rb 001 0 spa d | ||
| 020 | _a1405847727 | ||
| 020 | _a9781405853118 | ||
| 035 | _a(Sirsi) i9781405853118 | ||
| 040 |
_aPE-LiUPU _bspa _cPE-LiUPU _erda |
||
| 049 | _aPRUA | ||
| 082 | 0 | 4 |
_a428.07 _bH287p _221 |
| 100 | 1 |
_aHarmer, Jeremy, _eautor. |
|
| 245 | 1 | 4 |
_aThe practice of english language teaching / _cJeremy Harmer. |
| 250 | _aFourth edition. | ||
| 264 | 1 |
_aLondres : _bPearson Longman, _c2007. |
|
| 300 |
_a448 páginas : _bilustraciones ; _c25 centímetros |
||
| 300 | _a2 DVD-ROM | ||
| 336 |
_atext _2rdacontent |
||
| 337 |
_aunmediated _2rdamedia |
||
| 338 |
_avolume _2rdacarrier |
||
| 504 | _aBibliografía: páginas 429-437. | ||
| 504 | _aÍndice: páginas 442-447. | ||
| 505 | 0 | _aLanguage -- Theories, methods and techniques -- Learners and teachers -- Managing Learning -- The changing world of the classroom -- Focusing on the language -- Language Skills -- Planning and syllabuses -- Evaluation -- Learner Autonomy and teacher development. | |
| 526 | _aP145 | ||
| 526 | _aP127 | ||
| 526 | _aP97 | ||
| 526 | _aP35 | ||
| 526 | _aP14 | ||
| 526 | _aP07 | ||
| 650 | 0 | 4 |
_aInglés _xEstudio y Enseñanza. |
| 910 | _agl | ||
| 910 | _adbm | ||
| 942 |
_2ddc _cBOOK |
||
| 949 |
_a428.07 H22 _wDEWEY _c1 _i62180 _d2016-5-15 _e2016-5-10 _lCCODEBUL1 _mBUL _n5 _p11.00 _r0 _sY _tBOOK _u2015-7-6 _xEDUCACION _0COMPRA _o.STAFF. Colección General |
||
| 949 |
_a428.07 H22 _wDEWEY _c2 _i62179 _d2015-10-26 _e2015-10-25 _lCCODEBUL1 _mBUL _n2 _p11.00 _r0 _sY _tBOOK _u2015-7-6 _xEDUCACION _0COMPRA _o.STAFF. Colección General |
||
| 949 |
_a421.54 H22 2007 _wDEWEY _c1 _iFJ05460 _lCCODEBUJ1 _mBUJ _p30.00 _r0 _sY _tBOOK _u2016-07-08 _xEDUCACIÓN _o.STAFF -- Colección General Juliaca |
||
| 999 |
_c51257 _d51257 |
||
| 980 |
_81 _gALBERTO SANCHEZ Responsable de Automatización |
||